=LDR 00000nam 2200000 4500 =001 INLIS000000000011972 =005 20130612103523 =008 ***********************************Ind** =035 ##$$0010-061300000011972 =041 ##$$a Ind =082 ##$$a 363.73 =090 ##$$a 363.73, Hus p =100 ##$$a Husada MM, Jan =245 ##$$a Peluang Usaha Bisnis anti Polusi, Jam Hoesada MM =260 ##$$a 1991 $b Yogyakarta =300 ##$$a 92 hlm., 21 cm =650 ##$$a Pencemaran =650 ##$$a Aspek Lingkungan =850 ##$$a NBPNMAT